[Event "11th LCC Super Blitz KO 2019"]
[Site "London"]
[Date "2019.12.08"]
[Round "1.3"]
[White "Harvey, Marcus R"]
[Black "Flear, Glenn C"]
[Result "1-0"]
[WhiteElo "2412"]
[BlackElo "2440"]
[Annotator "NA"]
[PlyCount "77"]
[EventDate "2019.12.08"]
[EventType "k.o."]
[EventCountry "ENG"]
[SourceTitle "playchess.com"]
[Source "ChessBase"]
[SourceQuality "1"]
[TimeControl "180+2"]

1. d4 {[%emt 0:00:00]} d5 {[%emt 0:00:00]} 2. c4 {[%emt 0:00:00]} e6 {[%emt 0:00:00]} 3. Nf3 {[%emt 0:00:00]} Nf6 {[%emt 0:00:00]} 4. Bg5 {[%emt 0:00:00]} Nbd7 {[%emt 0:00:00]} 5. e3 {[%emt 0:00:00]} c6 {[%emt 0:00:00]} 6. Nc3 {[%emt 0:00:00]} Qa5 {[%emt 0:00:00]} 7. Nd2 {[%emt 0:00:00]} Bb4 {[%emt 0:00:00]} 8. Qc2 {[%emt 0:00:00]} O-O {[%emt 0:00:00]} 9. a3 {[%emt 0:00:00]} Bxc3 {[%emt 0:00:00]} 10. Qxc3 {[%emt 0:00:00]} Qxc3 {[%emt 0:00:00]} 11. bxc3 {[%emt 0:00:00]} b6 {[%emt 0:00:00]} 12. a4 {[%emt 0:00:00]} Bb7 {[%emt 0:00:11]} 13. a5 {[%emt 0:00:00]} c5 {[%emt 0:00:06]} 14. Bf4 {[%emt 0:00:00]} bxa5 {[%emt 0:00:17]} 15. Rxa5 {[%emt 0:00:00]} Rfc8 {[%emt 0:00:07]} 16. f3 {[%emt 0:00:00]} dxc4 {[%emt 0:00:07]} 17. Bxc4 {[%emt 0:00:00]} cxd4 {[%emt 0:00:06]} 18. cxd4 {[%emt 0:00:00]} Nd5 {[%emt 0:00:05]} 19. Bxd5 {[%emt 0:00:00]} Bxd5 {[%emt 0:00:06]} 20. O-O {[%emt 0:00:00]} f5 {[%emt 0:00:21]} 21. e4 {[%emt 0:00:00]} fxe4 {[%emt 0:00:04]} 22. fxe4 {[%emt 0:00:00]} Bc4 {[%emt 0:00:13]} 23. Rc1 {[%emt 0:00:00]} Bd3 {[%emt 0:00:09]} 24. Rxc8+ {[%emt 0:00:07]} Rxc8 {[%emt 0:00:03]} 25. Rxa7 {[%emt 0:00:03]} Nf6 {[%emt 0:00:04]} 26. Be5 {[%emt 0:00:11]} Rc1+ {[%emt 0:00:09]} 27. Kf2 {[%emt 0:00:03]} Ng4+ {[%emt 0:00:05]} 28. Kg3 {[%emt 0:00:03]} Nxe5 {[%emt 0:00:05]} 29. dxe5 {[%emt 0:00:03]} Re1 {[%emt 0:00:09]} 30. Nf3 {[%emt 0:00:06]} Rb1 {[%emt 0:00:20]} 31. Ng5 {[%emt 0:00:08]} g6 {[%emt 0:00:30]} 32. Ra8+ {[%emt 0:00:12]} Kg7 {[%emt 0:00:03]} 33. Nxe6+ {[%emt 0:00:03]} Kh6 {[%emt 0:00:03]} 34. Nc5 {[%emt 0:00:03]} Bc4 {[%emt 0:00:09]} 35. e6 {[%emt 0:00:05]} Rc1 {[%emt 0:00:10]} 36. e7 {[%emt 0:00:04]} Bf7 {[%emt 0:00:03]} 37. Rf8 {[%emt 0:00:18]} Rc3+ {[%emt 0:00:15]} 38. Kf4 {[%emt 0:00:04]} Rxc5 {[%emt 0:00:10]} 39. Rxf7 {[%emt 0:00:04]} 1-0

[Event "11th LCC Super Blitz KO 2019"]
[Site "London"]
[Date "2019.12.08"]
[Round "1.3"]
[White "Rendle, Thomas E"]
[Black "Zapolskis, Antanas"]
[Result "1-0"]
[WhiteElo "2361"]
[BlackElo "2280"]
[Annotator "NA"]
[PlyCount "57"]
[EventDate "2019.12.08"]
[EventType "k.o."]
[EventCountry "ENG"]
[SourceTitle "playchess.com"]
[Source "ChessBase"]
[SourceQuality "1"]
[TimeControl "180+2"]

1. e4 {[%emt 0:00:00]} c5 {[%emt 0:00:00]} 2. Nc3 {[%emt 0:00:00]} Nc6 {[%emt 0:00:00]} 3. Bb5 {[%emt 0:00:00]} Na5 {[%emt 0:00:00]} 4. f4 {[%emt 0:00:00]} a6 {[%emt 0:00:00]} 5. Be2 {[%emt 0:00:00]} d6 {[%emt 0:00:00]} 6. Nf3 {[%emt 0:00:00]} Nf6 {[%emt 0:00:00]} 7. O-O {[%emt 0:00:00]} b5 {[%emt 0:00:00]} 8. d3 {[%emt 0:00:00]} b4 {[%emt 0:00:00]} 9. Nb1 {[%emt 0:00:00]} Nc6 {[%emt 0:00:00]} 10. Nbd2 {[%emt 0:00:00]} e6 {[%emt 0:00:00]} 11. Qe1 {[%emt 0:00:00]} Be7 {[%emt 0:00:00]} 12. e5 {[%emt 0:00:00]} Ng4 {[%emt 0:00:00]} 13. Nc4 {[%emt 0:00:00]} d5 {[%emt 0:00:05]} 14. Ne3 {[%emt 0:00:00]} Nxe3 {[%emt 0:00:10]} 15. Bxe3 {[%emt 0:00:00]} d4 {[%emt 0:00:06]} 16. Bf2 {[%emt 0:00:00]} O-O {[%emt 0:00:15]} 17. Nd2 {[%emt 0:00:00]} Bb7 {[%emt 0:00:06]} 18. Bf3 {[%emt 0:00:00]} Qd7 {[%emt 0:00:11]} 19. Nc4 {[%emt 0:00:00]} Rae8 {[%emt 0:00:06]} 20. Qe2 {[%emt 0:00:00]} f6 {[%emt 0:00:09]} 21. Rae1 {[%emt 0:00:00]} fxe5 {[%emt 0:00:04]} 22. fxe5 {[%emt 0:00:04]} Kh8 {[%emt 0:00:13]} 23. Bg3 {[%emt 0:00:08]} Bg5 {[%emt 0:00:04]} 24. Be4 {[%emt 0:00:12]} Be3+ {[%emt 0:00:24]} 25. Nxe3 {[%emt 0:00:10]} dxe3 {[%emt 0:00:03]} 26. Qxe3 {[%emt 0:00:03]} Nd4 {[%emt 0:00:04]} 27. c3 {[%emt 0:01:19]} Nc2 {[%emt 0:00:05]} 28. Qxc5 {[%emt 0:00:04]} Nxe1 {[%emt 0:00:06]} 29. Rxf8+ {[%emt 0:00:07]} 1-0

[Event "11th LCC Super Blitz KO 2019"]
[Site "London"]
[Date "2019.12.08"]
[Round "1.3"]
[White "Beinoras, Mindaugas"]
[Black "Pert, Nicholas"]
[Result "1-0"]
[WhiteElo "2350"]
[BlackElo "2560"]
[Annotator "ChessBase"]
[PlyCount "100"]
[EventDate "2019.12.08"]
[EventType "k.o."]
[EventCountry "ENG"]
[SourceTitle "playchess.com"]
[Source "ChessBase"]
[SourceQuality "1"]
[TimeControl "180+2"]

1. d4 {[%emt 0:00:00]} d5 {[%emt 0:00:00]} 2. c4 {[%emt 0:00:02]} c6 3. Nc3 {[%emt 0:00:00]} Nf6 {[%emt 0:00:00]} 4. Nf3 {[%emt 0:00:00]} dxc4 {[%emt 0:00:00]} 5. a4 {[%emt 0:00:00]} Bf5 {[%emt 0:00:00]} 6. Nh4 {[%emt 0:00:00]} Bg4 {[%emt 0:00:00]} 7. h3 {[%emt 0:00:00]} Bh5 {[%emt 0:00:00]} 8. g4 {[%emt 0:00:00]} Bg6 {[%emt 0:00:00]} 9. e3 {[%emt 0:00:00]} Bd3 {[%emt 0:00:00]} 10. Bxd3 {[%emt 0:00:00]} cxd3 {[%emt 0:00:00]} 11. Qxd3 {[%emt 0:00:00]} e6 {[%emt 0:00:00]} 12. Nf3 {[%emt 0:00:00]} Nbd7 {[%emt 0:00:00]} 13. e4 {[%emt 0:00:00]} Be7 {[%emt 0:00:00]} 14. a5 {[%emt 0:00:00]} a6 {[%emt 0:00:00]} 15. Qc4 {[%emt 0:00:00]} O-O {[%emt 0:00:00]} 16. Bf4 {[%emt 0:00:00]} Rc8 {[%emt 0:00:10]} 17. O-O {[%emt 0:00:00]} Ne8 {[%emt 0:00:24]} 18. Qb3 {[%emt 0:00:00]} Nd6 {[%emt 0:00:14]} 19. Bxd6 {[%emt 0:00:00]} Bxd6 {[%emt 0:00:02]} 20. Qxb7 {[%emt 0:00:00]} e5 {[%emt 0:00:05]} 21. Rfd1 {[%emt 0:00:00]} Rc7 {[%emt 0:00:21]} 22. Qxa6 {[%emt 0:00:05]} Qf6 {[%emt 0:00:03]} 23. Kg2 {[%emt 0:00:05]} exd4 {[%emt 0:00:06]} 24. Nxd4 {[%emt 0:00:32]} Qf4 {[%emt 0:00:06]} 25. Qd3 {[%emt 0:00:09]} Qh2+ {[%emt 0:00:10]} 26. Kf1 {[%emt 0:00:03]} Nc5 {[%emt 0:00:12]} 27. Qf3 {[%emt 0:00:05]} Re8 {[%emt 0:00:06]} 28. Nf5 {[%emt 0:00:13]} Be5 {[%emt 0:00:06]} 29. a6 {[%emt 0:00:05]} Ra7 {[%emt 0:00:04]} 30. Na4 {[%emt 0:00:15]} Ne6 {[%emt 0:00:08]} 31. Nb6 {[%emt 0:00:24]} Ng5 {[%emt 0:00:20]} 32. Qg2 {[%emt 0:00:06]} Qf4 {[%emt 0:00:03]} 33. Ng3 {[%emt 0:00:09]} Nf3 {[%emt 0:00:06]} 34. Rd3 {[%emt 0:00:06]} Nd2+ {[%emt 0:00:05]} 35. Kg1 {[%emt 0:00:04]} Bxb2 {[%emt 0:00:08]} 36. Rd1 {[%emt 0:00:06]} Qc7 {[%emt 0:00:19]} 37. R3xd2 {[%emt 0:00:12]} Qxb6 {[%emt 0:00:04]} 38. Rb1 {[%emt 0:00:03]} Qxa6 {[%emt 0:00:10]} 39. Rdxb2 {[%emt 0:00:03]} g6 {[%emt 0:00:05]} 40. Qf3 {[%emt 0:00:03]} Rae7 {[%emt 0:00:03]} 41. Rc2 {[%emt 0:00:06]} Qc8 {[%emt 0:00:06]} 42. Rbc1 {[%emt 0:00:02]} Re6 {[%emt 0:00:04]} 43. h4 {[%emt 0:00:04]} Qd7 {[%emt 0:00:07]} 44. h5 {[%emt 0:00:03]} Rd8 {[%emt 0:00:10]} 45. Qf4 {[%emt 0:00:05]} Qe8 {[%emt 0:00:04]} 46. h6 {[%emt 0:00:07]} f6 {[%emt 0:00:07]} 47. Qf3 {[%emt 0:00:07]} Rdd6 {[%emt 0:00:05]} 48. Qb3 {[%emt 0:00:04]} Kh8 {[%emt 0:00:04]} 49. Qb7 {[%emt 0:00:04]} Qf8 {[%emt 0:00:03]} 50. Ra2 {[%emt 0:00:06]} Rd8 {[%emt 0:00:08]} 1-0

[Event "11th LCC Super Blitz KO 2019"]
[Site "London"]
[Date "2019.12.08"]
[Round "1.3"]
[White "Wallace, John Paul"]
[Black "Dong, Bao Nghia"]
[Result "1-0"]
[WhiteElo "2344"]
[BlackElo "2217"]
[Annotator "NA"]
[PlyCount "95"]
[EventDate "2019.12.08"]
[EventType "k.o."]
[EventCountry "ENG"]
[SourceTitle "playchess.com"]
[Source "ChessBase"]
[SourceQuality "1"]
[TimeControl "180+2"]

1. Nf3 {[%emt 0:00:00]} d5 {[%emt 0:00:00]} 2. c4 {[%emt 0:00:00]} e6 {[%emt 0:00:00]} 3. g3 {[%emt 0:00:00]} g6 {[%emt 0:00:00]} 4. Bg2 {[%emt 0:00:00]} Bg7 {[%emt 0:00:00]} 5. O-O {[%emt 0:00:00]} Ne7 {[%emt 0:00:00]} 6. d4 {[%emt 0:00:00]} O-O {[%emt 0:00:00]} 7. Qc2 {[%emt 0:00:00]} Nbc6 {[%emt 0:00:00]} 8. Rd1 {[%emt 0:00:00]} Nf5 {[%emt 0:00:00]} 9. e3 {[%emt 0:00:00]} Nce7 {[%emt 0:00:00]} 10. b3 {[%emt 0:00:00]} c6 {[%emt 0:00:00]} 11. Bb2 {[%emt 0:00:00]} Nd6 {[%emt 0:00:00]} 12. Nc3 {[%emt 0:00:00]} h5 {[%emt 0:00:00]} 13. Ne2 {[%emt 0:00:00]} Nef5 {[%emt 0:00:00]} 14. h4 {[%emt 0:00:00]} Ne4 {[%emt 0:00:00]} 15. Ne5 {[%emt 0:00:00]} Ned6 {[%emt 0:00:20]} 16. c5 {[%emt 0:00:00]} Ne8 {[%emt 0:00:04]} 17. e4 {[%emt 0:00:00]} dxe4 {[%emt 0:00:04]} 18. Nc3 {[%emt 0:00:00]} Nf6 {[%emt 0:00:02]} 19. Nxe4 {[%emt 0:00:00]} Nxe4 {[%emt 0:00:04]} 20. Qxe4 {[%emt 0:00:01]} Bd7 {[%emt 0:00:12]} 21. Rac1 {[%emt 0:00:05]} Be8 {[%emt 0:00:03]} 22. Rd3 {[%emt 0:00:08]} f6 {[%emt 0:00:03]} 23. Nc4 {[%emt 0:00:05]} Bf7 {[%emt 0:00:03]} 24. Rcd1 {[%emt 0:00:10]} Qc7 {[%emt 0:00:05]} 25. Bc1 {[%emt 0:00:04]} e5 {[%emt 0:00:17]} 26. dxe5 {[%emt 0:00:06]} fxe5 {[%emt 0:00:03]} 27. Nd6 {[%emt 0:00:09]} Bd5 {[%emt 0:00:10]} 28. Rxd5 {[%emt 0:00:43]} cxd5 {[%emt 0:00:03]} 29. Qxd5+ {[%emt 0:00:04]} Kh8 {[%emt 0:00:03]} 30. Nxb7 {[%emt 0:00:09]} Nd4 {[%emt 0:00:12]} 31. Be3 {[%emt 0:00:06]} Rae8 {[%emt 0:00:17]} 32. b4 {[%emt 0:00:04]} a6 {[%emt 0:00:11]} 33. a4 {[%emt 0:00:04]} Qe7 {[%emt 0:00:16]} 34. Be4 {[%emt 0:00:14]} Qf6 {[%emt 0:00:03]} 35. c6 {[%emt 0:00:17]} Rc8 {[%emt 0:00:04]} 36. Na5 {[%emt 0:00:38]} Ne2+ {[%emt 0:00:03]} 37. Kg2 {[%emt 0:00:05]} Nc3 {[%emt 0:00:03]} 38. Qd3 {[%emt 0:00:08]} Nxd1 {[%emt 0:00:06]} 39. Qxd1 {[%emt 0:00:03]} Rcd8 {[%emt 0:00:08]} 40. Qc2 {[%emt 0:00:04]} Rd4 {[%emt 0:00:02]} 41. c7 {[%emt 0:00:08]} Qe6 {[%emt 0:00:44]} 42. Bb7 {[%emt 0:00:10]} Rxb4 {[%emt 0:00:08]} 43. c8=Q {[%emt 0:00:03]} Rxc8 {[%emt 0:00:04]} 44. Bxc8 {[%emt 0:00:06]} Qd5+ {[%emt 0:00:04]} 45. Kh2 {[%emt 0:00:06]} Qxa5 {[%emt 0:00:03]} 46. Qxg6 {[%emt 0:00:05]} Rb6 {[%emt 0:00:09]} 47. Qe8+ {[%emt 0:00:08]} Kh7 {[%emt 0:00:02]} 48. Bf5+ {[%emt 0:00:04]} 1-0

[Event "11th LCC Super Blitz KO 2019"]
[Site "London"]
[Date "2019.12.08"]
[Round "1.4"]
[White "Hebden, Mark L"]
[Black "Moussard, Jules"]
[Result "0-1"]
[WhiteElo "2433"]
[BlackElo "2598"]
[Annotator "ChessBase"]
[PlyCount "96"]
[EventDate "2019.12.08"]
[EventType "k.o."]
[EventCountry "ENG"]
[SourceTitle "playchess.com"]
[Source "ChessBase"]
[SourceQuality "1"]
[TimeControl "180+2"]

1. d4 {[%emt 0:00:00]} f5 {[%emt 0:00:01]} 2. g3 {[%emt 0:00:03]} Nf6 {[%emt 0:00:00]} 3. Bg2 {[%emt 0:00:03]} d6 {[%emt 0:00:02]} 4. Nf3 {[%emt 0:00:02]} g6 {[%emt 0:00:01]} 5. O-O {[%emt 0:00:01]} Bg7 {[%emt 0:00:01]} 6. c4 {[%emt 0:00:01]} O-O {[%emt 0:00:02]} 7. Nc3 {[%emt 0:00:01]} c6 {[%emt 0:00:00]} 8. d5 {[%emt 0:00:13]} e5 {[%emt 0:00:04]} 9. dxe6 {[%emt 0:00:07]} Bxe6 {[%emt 0:00:02]} 10. b3 {[%emt 0:00:13]} Na6 {[%emt 0:00:02]} 11. Bb2 {[%emt 0:00:03]} Qe7 {[%emt 0:00:12]} 12. Qc2 {[%emt 0:00:07]} Rad8 {[%emt 0:00:08]} 13. Rad1 {[%emt 0:00:01]} d5 {[%emt 0:00:09]} 14. cxd5 {[%emt 0:00:08]} Nxd5 {[%emt 0:00:01]} 15. Nxd5 {[%emt 0:00:03]} Bxd5 {[%emt 0:00:01]} 16. Bxg7 {[%emt 0:00:02]} Qxg7 {[%emt 0:00:02]} 17. Ng5 {[%emt 0:00:06]} Qe7 {[%emt 0:00:22]} 18. Bxd5+ {[%emt 0:00:12]} cxd5 {[%emt 0:00:06]} 19. Nf3 {[%emt 0:00:03]} Nc5 {[%emt 0:00:05]} 20. Rd4 {[%emt 0:00:13]} Ne4 {[%emt 0:00:13]} 21. Qd3 {[%emt 0:00:09]} Nc5 {[%emt 0:00:06]} 22. Qb5 {[%emt 0:00:10]} b6 {[%emt 0:00:02]} 23. Rfd1 {[%emt 0:00:06]} Ne4 {[%emt 0:00:11]} 24. R4d3 {[%emt 0:00:25]} Nf6 {[%emt 0:00:02]} 25. Nd4 {[%emt 0:00:08]} Rc8 {[%emt 0:00:03]} 26. e3 {[%emt 0:00:20]} Rc5 {[%emt 0:00:03]} 27. Qb4 {[%emt 0:00:03]} Rfc8 {[%emt 0:00:02]} 28. Ne2 {[%emt 0:00:02]} Qf7 {[%emt 0:00:08]} 29. Nf4 {[%emt 0:00:03]} g5 {[%emt 0:00:04]} 30. Ne2 {[%emt 0:00:03]} Ne4 {[%emt 0:00:02]} 31. Qd4 {[%emt 0:00:06]} Rc2 {[%emt 0:00:07]} 32. Re1 {[%emt 0:00:32]} Rxa2 {[%emt 0:00:02]} 33. f3 {[%emt 0:00:06]} Nc5 {[%emt 0:00:13]} 34. Rdd1 {[%emt 0:00:03]} Nxb3 {[%emt 0:00:04]} 35. Qb4 {[%emt 0:00:03]} Na5 {[%emt 0:00:37]} 36. Nc3 {[%emt 0:00:06]} Rc4 {[%emt 0:00:23]} 37. Qb1 {[%emt 0:00:00]} Ra3 {[%emt 0:00:05]} 38. Nxd5 {[%emt 0:00:01]} Rb3 {[%emt 0:00:04]} 39. Qa1 {[%emt 0:00:01]} Rc6 {[%emt 0:00:04]} 40. Qa2 {[%emt 0:00:03]} Re6 {[%emt 0:00:01]} 41. Rc1 {[%emt 0:00:04]} Kg7 {[%emt 0:00:01]} 42. Qa1+ {[%emt 0:00:00]} Kg6 {[%emt 0:00:01]} 43. Rc8 {[%emt 0:00:02]} Rd3 {[%emt 0:00:02]} 44. Nb4 {[%emt 0:00:02]} Rd2 {[%emt 0:00:02]} 45. Qc3 {[%emt 0:00:02]} Rd7 {[%emt 0:00:02]} 46. Rc1 {[%emt 0:00:04]} Rde7 {[%emt 0:00:01]} 47. Nd5 {[%emt 0:00:02]} Rd7 {[%emt 0:00:01]} 48. Qd3 {[%emt 0:00:04]} Nb7 {[%emt 0:00:04]} 0-1

[Event "11th LCC Super Blitz KO 2019"]
[Site "London"]
[Date "2019.12.08"]
[Round "1.5"]
[White "Gharamian, Tigran"]
[Black "Tanmay Chopra"]
[Result "1-0"]
[WhiteElo "2603"]
[BlackElo "2100"]
[Annotator "ChessBase"]
[PlyCount "51"]
[EventDate "2019.12.08"]
[EventType "k.o."]
[EventCountry "ENG"]
[SourceTitle "playchess.com"]
[Source "ChessBase"]
[SourceQuality "1"]
[TimeControl "180+2"]

1. e4 {[%emt 0:00:00]} c5 {[%emt 0:00:00]} 2. Nf3 {[%emt 0:00:02]} e6 3. g3 {[%emt 0:00:00]} Nc6 {[%emt 0:00:00]} 4. Bg2 {[%emt 0:00:00]} d5 {[%emt 0:00:03]} 5. exd5 {[%emt 0:00:01]} exd5 {[%emt 0:00:01]} 6. O-O {[%emt 0:00:01]} Nf6 {[%emt 0:00:02]} 7. d4 {[%emt 0:00:01]} cxd4 {[%emt 0:00:07]} 8. Nxd4 {[%emt 0:00:02]} Be7 {[%emt 0:00:02]} 9. Nc3 {[%emt 0:00:04]} O-O {[%emt 0:00:02]} 10. h3 {[%emt 0:00:01]} a6 {[%emt 0:00:06]} 11. Bf4 {[%emt 0:00:02]} Qb6 {[%emt 0:00:14]} 12. Nb3 {[%emt 0:00:11]} Be6 {[%emt 0:00:14]} 13. Ne2 {[%emt 0:00:08]} Ne4 {[%emt 0:00:15]} 14. Ned4 {[%emt 0:00:07]} Nxd4 {[%emt 0:00:05]} 15. Qxd4 {[%emt 0:00:01]} Qxd4 {[%emt 0:00:24]} 16. Nxd4 {[%emt 0:00:01]} Bf6 {[%emt 0:00:02]} 17. Nxe6 {[%emt 0:00:06]} fxe6 {[%emt 0:00:01]} 18. Bxe4 {[%emt 0:00:02]} dxe4 {[%emt 0:00:01]} 19. c3 {[%emt 0:00:01]} Rac8 {[%emt 0:00:15]} 20. Rfe1 {[%emt 0:00:04]} Rc4 {[%emt 0:00:02]} 21. Rad1 {[%emt 0:00:01]} b5 {[%emt 0:00:37]} 22. Rd6 {[%emt 0:00:03]} b4 {[%emt 0:00:00]} 23. Rxe6 {[%emt 0:00:13]} bxc3 {[%emt 0:00:01]} 24. bxc3 {[%emt 0:00:01]} Rxc3 {[%emt 0:00:06]} 25. R6xe4 {[%emt 0:00:13]} Ra3 {[%emt 0:00:00]} 26. Bd6 {[%emt 0:00:03]} 1-0

[Event "11th LCC Super Blitz KO 2019"]
[Site "London"]
[Date "2019.12.08"]
[Round "1.6"]
[White "Grover, Sahaj"]
[Black "Arkell, Keith C"]
[Result "1/2-1/2"]
[WhiteElo "2508"]
[BlackElo "2453"]
[Annotator "ChessBase"]
[PlyCount "127"]
[EventDate "2019.12.08"]
[EventType "k.o."]
[EventCountry "ENG"]
[SourceTitle "playchess.com"]
[Source "ChessBase"]
[SourceQuality "1"]
[TimeControl "180+2"]

1. d4 {[%emt 0:00:00]} e6 {[%emt 0:00:00]} 2. c4 {[%emt 0:00:01]} Bb4+ {[%emt 0:00:01]} 3. Nc3 {[%emt 0:00:02]} c5 {[%emt 0:00:01]} 4. a3 {[%emt 0:00:06]} Bxc3+ {[%emt 0:00:02]} 5. bxc3 {[%emt 0:00:02]} f5 {[%emt 0:00:03]} 6. e4 {[%emt 0:00:26]} fxe4 {[%emt 0:00:02]} 7. Qh5+ {[%emt 0:00:21]} g6 {[%emt 0:00:01]} 8. Qe5 {[%emt 0:00:01]} Nf6 {[%emt 0:00:05]} 9. Qxc5 {[%emt 0:00:41]} d6 {[%emt 0:00:10]} 10. Qg5 {[%emt 0:00:01]} O-O {[%emt 0:00:05]} 11. h4 {[%emt 0:00:03]} Nc6 {[%emt 0:00:10]} 12. h5 {[%emt 0:00:01]} Qa5 {[%emt 0:00:07]} 13. Qxa5 {[%emt 0:00:29]} Nxa5 {[%emt 0:00:02]} 14. hxg6 {[%emt 0:00:01]} hxg6 {[%emt 0:00:16]} 15. Nh3 {[%emt 0:00:04]} Nb3 {[%emt 0:00:03]} 16. Rb1 {[%emt 0:00:01]} Nxc1 {[%emt 0:00:02]} 17. Rxc1 {[%emt 0:00:01]} Kg7 {[%emt 0:00:12]} 18. Nf4 {[%emt 0:00:07]} Bd7 {[%emt 0:00:02]} 19. g3 {[%emt 0:00:03]} Rh8 {[%emt 0:00:05]} 20. Rxh8 {[%emt 0:00:09]} Rxh8 {[%emt 0:00:02]} 21. Rb1 {[%emt 0:00:13]} b6 {[%emt 0:00:07]} 22. c5 {[%emt 0:00:01]} dxc5 {[%emt 0:00:01]} 23. dxc5 {[%emt 0:00:01]} g5 {[%emt 0:00:28]} 24. Ng2 {[%emt 0:00:16]} Rc8 {[%emt 0:00:43]} 25. cxb6 {[%emt 0:00:01]} axb6 {[%emt 0:00:01]} 26. c4 {[%emt 0:00:01]} Ra8 {[%emt 0:00:04]} 27. Rb3 {[%emt 0:00:13]} Ng4 {[%emt 0:00:14]} 28. Ne3 {[%emt 0:00:04]} Nxe3 29. Rxe3 {[%emt 0:00:01]} Kf6 {[%emt 0:00:05]} 30. Bg2 {[%emt 0:00:04]} Bc6 {[%emt 0:00:01]} 31. Rb3 {[%emt 0:00:01]} Ra6 {[%emt 0:00:06]} 32. Ke2 {[%emt 0:00:03]} Ke5 {[%emt 0:00:02]} 33. Ke3 {[%emt 0:00:01]} Ra8 {[%emt 0:00:19]} 34. Bf1 {[%emt 0:00:10]} Kd6 {[%emt 0:00:08]} 35. Bg2 {[%emt 0:00:06]} Ke5 {[%emt 0:00:04]} 36. Bf1 {[%emt 0:00:01]} Kd6 {[%emt 0:00:00]} 37. Kd4 {[%emt 0:00:03]} e5+ {[%emt 0:00:01]} 38. Ke3 {[%emt 0:00:02]} Kc5 {[%emt 0:00:00]} 39. Bg2 {[%emt 0:00:08]} Kxc4 {[%emt 0:00:04]} 40. Rb4+ {[%emt 0:00:01]} Kc5 {[%emt 0:00:01]} 41. Rb3 {[%emt 0:00:00]} Bd5 {[%emt 0:00:02]} 42. Rc3+ {[%emt 0:00:01]} Kd6 {[%emt 0:00:00]} 43. Bxe4 {[%emt 0:00:02]} Ra4 {[%emt 0:00:13]} 44. Bxd5 {[%emt 0:00:03]} Kxd5 {[%emt 0:00:00]} 45. Rb3 {[%emt 0:00:01]} Kc5 {[%emt 0:00:08]} 46. Rc3+ {[%emt 0:00:01]} Kd5 {[%emt 0:00:01]} 47. Rb3 {[%emt 0:00:01]} Kc5 {[%emt 0:00:00]} 48. Rc3+ {[%emt 0:00:03]} Kd5 {[%emt 0:00:00]} 49. Rd3+ {[%emt 0:00:02]} Kc5 {[%emt 0:00:01]} 50. Rb3 {[%emt 0:00:06]} g4 {[%emt 0:00:01]} 51. Rc3+ {[%emt 0:00:02]} Kd5 {[%emt 0:00:01]} 52. Rb3 {[%emt 0:00:04]} Kc5 53. f3 {[%emt 0:00:02]} gxf3 {[%emt 0:00:01]} 54. Kxf3 {[%emt 0:00:01]} Kd5 {[%emt 0:00:04]} 55. g4 {[%emt 0:00:01]} Rf4+ 56. Kg3 {[%emt 0:00:02]} Ra4 {[%emt 0:00:03]} 57. g5 {[%emt 0:00:02]} Ke6 {[%emt 0:00:01]} 58. Rxb6+ {[%emt 0:00:01]} Kf5 {[%emt 0:00:00]} 59. Rb3 {[%emt 0:00:02]} Kxg5 {[%emt 0:00:02]} 60. Kf3 {[%emt 0:00:01]} Kf5 61. Ke3 Rh4 {[%emt 0:00:02]} 62. Rb4 {[%emt 0:00:02]} Rh3+ {[%emt 0:00:01]} 63. Ke2 {[%emt 0:00:01]} Rxa3 {[%emt 0:00:01]} 64. Rc4 {[%emt 0:00:00]} 1/2-1/2